000 00212 a2200109 4500
020 _a9789583039706
041 _aspa
100 _aAndersen,Hans Christian
245 _aLa Sirenita
942 _cBK
952 _71
999 _c16830
_d16830